The Indian press role and responsibility / (Record no. 41823)
[ view plain ]
| 000 -LEADER | |
|---|---|
| fixed length control field | 00932nam a2200265 a 4500 |
| 001 - CONTROL NUMBER | |
| control field | 41823 |
| 003 - CONTROL NUMBER IDENTIFIER | |
| rucl marc code | BD-RjUL |
| 005 - DATE AND TIME OF LATEST TRANSACTION | |
| control field | 20211209053445.0 |
| 008 - FIXED-LENGTH DATA ELEMENTS--GENERAL INFORMATION | |
| fixed length control field | 160606s1994 ii b 001 0 eng |
| 020 ## - INTERNATIONAL STANDARD BOOK NUMBER | |
| International Standard Book Number | 8170246369 |
| Terms of availability | Rs. 300.00 |
| 035 ## - SYSTEM CONTROL NUMBER | |
| System control number | (BD-RjUL)41941 |
| 040 ## - CATALOGING SOURCE | |
| Original cataloging agency | LC |
| Language of cataloging | eng |
| Transcribing agency | LC |
| Modifying agency | LC |
| -- | BD-RjUL |
| 041 ## - LANGUAGE CODE | |
| Language code of text/sound track or separate title | eng |
| 082 00 - DEWEY DECIMAL CLASSIFICATION NUMBER | |
| Edition number | 23 |
| Classification number | 174.907 |
| Author mark and year | PAI 1994 |
| 100 1# - MAIN ENTRY--PERSONAL NAME | |
| Personal name | Padhy, Krushna Singh |
| Dates associated with a name | 1949- |
| 9 (RLIN) | 128469 |
| 245 14 - TITLE STATEMENT | |
| Title | The Indian press role and responsibility / |
| Statement of responsibility, etc. | Krushna Singh Padhy. |
| 260 ## - PUBLICATION, DISTRIBUTION, ETC. (IMPRINT) | |
| Place of publication, distribution, etc. | New Delhi : |
| Name of publisher, distributor, etc. | Ashish Pub. House, |
| Date of publication, distribution, etc. | 1994. |
| 300 ## - PHYSICAL DESCRIPTION | |
| Pagination | xix, 214 p. ; |
| Size | 23 cm. |
| 504 ## - BIBLIOGRAPHY, ETC. NOTE | |
| Bibliography, etc | Includes bibliographical references (p. 179-209) and index. |
| 650 #0 - SUBJECT ADDED ENTRY--TOPICAL TERM | |
| Topical term or geographic name as entry element | Journalism |
| General subdivision | Objectivity |
| Geographic subdivision | India |
| General subdivision | History |
| Chronological subdivision | 20th century. |
| 9 (RLIN) | 128470 |
| Topical term or geographic name as entry element | Freedom of the press |
| Geographic subdivision | India |
| General subdivision | History |
| Chronological subdivision | 20th century. |
| 9 (RLIN) | 128471 |
| Topical term or geographic name as entry element | Journalism |
| Geographic subdivision | India |
| General subdivision | Philosophy. |
| 9 (RLIN) | 128472 |
| Topical term or geographic name as entry element | Journalistic ethics |
| Geographic subdivision | India. |
| 9 (RLIN) | 128473 |
| 942 ## - ADDED ENTRY ELEMENTS (KOHA) | |
| Source of classification or shelving scheme | Dewey Decimal Classification |
| Koha item type | Books |
| Lost status | Source of classification or shelving scheme | Damaged status | Not for loan | Collection code | Permanent Location | Current Location | Shelving location | Date acquired | Source of acquisition | Cost, normal purchase price | Total Checkouts | Full call number | Date last seen | Copy number | Koha item type |
|---|---|---|---|---|---|---|---|---|---|---|---|---|---|---|---|
| Dewey Decimal Classification | Non-fiction | Central Library, University of Rajshahi | Central Library, University of Rajshahi | 13/12/1997 | Ankur Prakarhani, Dhaka | 300.00 | 174.907 PAI 1994 | 06/06/2016 | C-2 | Books | |||||
| Dewey Decimal Classification | Non-fiction | Central Library, University of Rajshahi | Central Library, University of Rajshahi | 13/12/1997 | Ankur Prakarhani, Dhaka | 300.00 | 174.907 PAI 1994 | 19/12/2016 | C-3 | Books |